000 00764nam a2200241Ia 4500
003 OSt
005 20220926001438.0
006 a|||||r|||| 00| 0
007 ta
008 220923b |||||||| |||| 00| 0 eng d
037 _cGeneral Book
040 _aRTL
_cRTL
_beng
041 _2eng
_aeng
082 _aX93.2.N82<N81t, M1/GD
110 _aINDIA, COMMUNICATIONS (Ministry of-)
_9262500
245 0 _aCommittee on public undertakings (1981-82)
_b Twenty-seventh report.
260 _a New Delhi
_bLok Sabha secretariat
_c1981
300 _avii,24p.
_ccm.
500 _aAppendix :21-24p.
700 _aINDIA, COMMUNICATIONS (Ministry of-)
_9262501
942 _hX93.2.N82<N81t, M1/GD
_cGB
_2CC
999 _c601578
_d601578